000 00635nam a22001697a 4500
003 MACL
005 20160716151917.0
008 160716b xxu||||| |||| 00| 0 eng d
040 _cMACL
041 _aHindi
082 _a800 TRI
100 _aत्रिपाठी, प्रकाश
_955623
245 _aलोक संस्‍कृति में प्रतिरोध
_cप्रकाश त्रिपाठी
260 _aआजमगढ
_bश्री रामानन्‍द सरस्‍वती पस्‍तकालय
_c2010
650 _aसाहित्‍य
_964541
942 _2ddc
_cHIN
999 _c54312
_d54312